Online katalóg knižníc regiónu Turca

Vojna a mier / (Record no. 20547)

MARC details
000 -LEADER
fixed length control field 01073nam a2200301 a4500
001 - CONTROL NUMBER
control field 20547
003 - CONTROL NUMBER IDENTIFIER
control field CZ PrNK
005 - DATE AND TIME OF LATEST TRANSACTION
control field 20260126114227.0
007 - PHYSICAL DESCRIPTION FIXED FIELD--GENERAL INFORMATION
fixed length control field ta
008 - FIXED-LENGTH DATA ELEMENTS--GENERAL INFORMATION
fixed length control field 230814s1954 xo e 000 0 slo
020 ## - INTERNATIONAL STANDARD BOOK NUMBER
Qualifying information (Váz.)
040 ## - CATALOGING SOURCE
Original cataloging agency ABA001
Language of cataloging cze
041 1# - LANGUAGE CODE
Language code of text/sound track or separate title slo
Language code of original rus
080 ## - UNIVERSAL DECIMAL CLASSIFICATION NUMBER
Universal Decimal Classification number 882-311.6:947"1805/1825"
Edition identifier undef
100 1# - MAIN ENTRY--PERSONAL NAME
Personal name Tolstoj, Lev Nikolajevič,
Dates associated with a name 1828-1910
Relationship aut
240 10 - UNIFORM TITLE
Uniform title Vojna i mir.
Language of a work Slovensky
245 10 - TITLE STATEMENT
Title Vojna a mier /
Statement of responsibility, etc. Lev Nikolajevič Tolstoj ; prel. Zora Jesenská z rus. orig. Vojna i mir
260 ## - PUBLICATION, DISTRIBUTION, ETC.
Place of publication, distribution, etc. Bratislava :
Name of publisher, distributor, etc. Slovenské vydavateľstvo krásnej literatúry,
Date of publication, distribution, etc. 1954
300 ## - PHYSICAL DESCRIPTION
Extent 4 sv. (349; 381; 398; 404 s.) ;
Dimensions
490 1# - SERIES STATEMENT
Series statement Edícia svetových klasikov ;
Volume/sequential designation zv. 20, 21, 26
490 1# - SERIES STATEMENT
Series statement Spisy v 12 zv. / L.N. Tolstoj ;
Volume/sequential designation zv. 4-7
500 ## - GENERAL NOTE
General note 4000 výt.
700 1# - ADDED ENTRY--PERSONAL NAME
Personal name Jesenská, Zora,
Dates associated with a name 1909-1972
Relationship trl
800 1# - SERIES ADDED ENTRY--PERSONAL NAME
Personal name Tolstoj, Lev Nikolajevič,
Dates associated with a name 1828-1910.
Title of a work Spisy v 12 zväzkoch
830 #0 - SERIES ADDED ENTRY--UNIFORM TITLE
Uniform title Edícia svetových klasikov (Slovenské vydavateľstvo krásnej literatúry)
910 ## - USER-OPTION DATA (OCLC)
User-option data ABA001
942 ## - ADDED ENTRY ELEMENTS (KOHA)
Source of classification or shelving scheme Dewey Decimal Classification
Koha item type Krásna literatúra pre dospelých
Suppress in OPAC No
Holdings
Stav vyradenia Strata Poškodenie Spôsob nadobudnutia Domovská knižnica Aktuálna knižnica Dátum nadobudnutia Total checkouts Čiarový kód exemplára Date last seen Typ exemplára Verejná poznámka Total renewals Date last checked out Date due
      Dar Obecná knižnica Horná Štubňa Obecná knižnica Horná Štubňa 26.01.2026   4736200580 26.01.2026 Krásna literatúra pre dospelých I. časť      
      Dar Obecná knižnica Horná Štubňa Obecná knižnica Horná Štubňa 28.01.2026 1 4736200783 01.05.2026 Krásna literatúra pre dospelých II. časť 1 31.01.2026  
      Dar Obecná knižnica Horná Štubňa Obecná knižnica Horná Štubňa 28.01.2026 1 4736200784 28.04.2026 Krásna literatúra pre dospelých III. časť   28.04.2026 28.05.2026
      Dar Obecná knižnica Horná Štubňa Obecná knižnica Horná Štubňa 28.01.2026   4736200785 28.01.2026 Krásna literatúra pre dospelých IV. časť      
Projekt je podporený Slovenskou asociáciou knižníc
Prevádzkuje Turčianska knižnica Martin 2026